|
|
|
|
| LEADER |
00000nam a2200000 a 4500 |
| 001 |
UCV8581 |
| 003 |
CL-VaPUC |
| 008 |
911014e19880000US |||||||||||||||||eng|d |
| 082 |
0 |
4 |
|a 728.5
|b JAM
|2 21
|
| 100 |
0 |
|
|a James, Cary
|e author
|9 302609
|
| 245 |
1 |
0 |
|a Imperial Hotel
|
| 246 |
1 |
0 |
|a Frank Lloyd Wright's Imperial Hotel
|
| 300 |
|
|
|a 139 p
|
| 942 |
|
|
|c BK
|
| 945 |
|
|
|d 19911014 00:00:00
|
| 260 |
|
|
|a Nueva York
|b Dover
|c 1988
|
| 600 |
0 |
7 |
|a WRIGHT, FRANK LLOYD
|2 CL-VaPUC
|9 266860
|
| 650 |
|
0 |
|a Arquitectura americana
|9 266861
|
| 650 |
|
0 |
|a Arquitectura moderna
|v Siglo 20
|9 265427
|
| 650 |
|
0 |
|a Crítica e interpretación
|9 255042
|
| 651 |
|
0 |
|a Japón
|9 260391
|
| 583 |
|
|
|a last modification
|c 19911014 00:00:00
|k Rodrigo Vera
|
| 999 |
|
|
|c 214071
|d 214069
|
| 952 |
|
|
|0 0
|1 0
|4 0
|6 728_500000000000000_JAM_1988
|7 0
|8 A
|9 197104
|a BIBARQ
|b BIBARQ
|d 2019-11-14
|i 2648377
|o 728.5 JAM 1988
|p 2648377
|r 2025-01-20
|w 2019-11-14
|y BK
|k ARQ
|